All Country Flags of the World-206 Countries - Statistics

General Stats
  • This quiz has been taken 1,174 times
  • The average score is 143 of 206
Answer Stats
Picture Answer % Correct
United States
96%
United Kingdom
95%
Australia
92%
Canada
91%
France
90%
New Zealand
90%
Russia
90%
Italy
89%
Netherlands
88%
Ireland
87%
Japan
86%
South Korea
86%
Brazil
85%
Sweden
85%
China
84%
Finland
84%
Greece
84%
Norway
84%
Denmark
83%
Iceland
83%
Bangladesh
82%
Ivory Coast
82%
Albania
81%
Belgium
81%
Bulgaria
81%
Georgia
81%
Israel
81%
Switzerland
81%
Turkey
81%
Vietnam
81%
Cyprus
80%
Hungary
80%
India
80%
Nepal
80%
Spain
80%
Germany
79%
Mexico
79%
Poland
79%
South Africa
79%
Argentina
78%
Bhutan
78%
Egypt
78%
Jamaica
78%
Kosovo
78%
Lebanon
78%
Malta
78%
Pakistan
78%
Saudi Arabia
78%
Vatican City
78%
Algeria
76%
Austria
76%
Dominican Republic
76%
Iran
76%
Malaysia
76%
San Marino
76%
Tunisia
76%
Cameroon
75%
Indonesia
75%
Kenya
75%
Madagascar
75%
Uruguay
75%
Iraq
74%
Monaco
74%
North Korea
74%
North Macedonia
74%
Palau
74%
Singapore
74%
Azerbaijan
73%
Croatia
73%
Niger
73%
Peru
73%
Venezuela
73%
Barbados
72%
Chile
72%
D.R. Congo
72%
Kazakhstan
72%
Panama
72%
Papua New Guinea
72%
Philippines
72%
Syria
72%
Tonga
72%
Uzbekistan
72%
Bosnia & Herzegovina
71%
Czech Republic
71%
Luxembourg
71%
Myanmar
71%
Portugal
71%
Slovakia
71%
Turkmenistan
71%
United Arab Emirates
71%
Burkina Faso
70%
Cuba
70%
Estonia
70%
Jordan
70%
Libya
70%
Oman
70%
Serbia
70%
Slovenia
70%
Thailand
70%
Yemen
70%
Colombia
69%
Eswatini
69%
Kuwait
69%
Morocco
69%
Romania
69%
Seychelles
69%
Somalia
69%
Angola
68%
Cambodia
68%
Honduras
68%
Maldives
68%
Mauritania
68%
Taiwan
68%
Bahamas
67%
Bahrain
67%
Belarus
67%
Brunei
67%
Gabon
67%
Laos
67%
Liberia
67%
Malawi
67%
Nigeria
67%
Qatar
67%
South Sudan
67%
Sri Lanka
67%
Trinidad & Tobago
67%
Ukraine
67%
Antigua and Barbuda
66%
Comoros
66%
Costa Rica
66%
Ecuador
66%
Ethiopia
66%
Kiribati
66%
Liechtenstein
66%
Tanzania
66%
Armenia
65%
Chad
65%
El Salvador
65%
Haiti
65%
Mozambique
65%
Nicaragua
65%
Paraguay
65%
Sudan
65%
Tajikistan
65%
Uganda
65%
Zimbabwe
65%
Afghanistan
64%
Andorra
64%
Botswana
64%
Eritrea
64%
F.S. of Micronesia
64%
Ghana
64%
Latvia
64%
Lithuania
64%
Marshall Islands
64%
Moldova
64%
Montenegro
64%
Rep. of the Congo
64%
Senegal
64%
Belize
63%
Burundi
63%
Fiji
63%
Mongolia
63%
Nauru
63%
Rwanda
63%
Cape Verde
62%
Djibouti
62%
Dominica
62%
East Timor
62%
Guyana
62%
Kyrgyzstan
62%
Mali
62%
Namibia
62%
Samoa
62%
Suriname
62%
Guatemala
61%
Sierra Leone
61%
St. Kitts & Nevis
61%
St. Lucia
61%
Togo
61%
Zambia
61%
Equatorial Guinea
60%
Grenada
60%
Lesotho
60%
Sao Tome & Principe
60%
Vanuatu
60%
Benin
59%
Bolivia
59%
Central African Republic
59%
Guinea
59%
Mauritius
59%
Palestine
59%
Tuvalu
59%
St. Vincent and the Grenadines
58%
Gambia
56%
Guinea-Bissau
56%
Solomon Islands
55%
Cook Islands
38%
Northern Cyprus
36%
Western Sahara
36%
Niue
35%
Somaliland
32%
Abkhazia
30%
Transnistria
30%
South Ossetia
27%
Artsakh
22%
No matching quizzes found
Score Distribution
Percent of People with Each Score
Percentile by Number Answered
Your Score History
You have not taken this quiz